Fifa 15 - All players rated above 84 - Statistics

General Stats
  • This quiz has been taken 167 times
  • The average score is 29 of 45
Answer Stats
Rating Answer % Correct
92 Cristiano Ronaldo
100%
93 Lionel Messi
100%
90 Manuel Neuer
94%
89 Iniesta
90%
89 Luis Suarez
90%
86 Neymar
88%
86 Xavi
88%
90 Arjen Robben
83%
87 Sergio Ramos
81%
90 Zlatan Ibrahimovic
79%
87 Gareth Bale
77%
88 Frank Ribery
76%
87 Robert Lewandowski
74%
88 Eden Hazard
72%
87 Philipp Lahm
72%
86 Sergio Aguero
72%
85 Toni Kroos
72%
86 Wayne Rooney
72%
87 Luka Modric
69%
85 Jerome Boateng
67%
86 Thomas Muller
67%
85 Kareem Benzema
65%
86 Thibaut Courtois
65%
88 Robin Van Persie
63%
86 Marco Reus
62%
86 Mats Hummels
62%
87 Thiago Silva
61%
86 Angel Di Maria
60%
88 Radamel Falcao
60%
87 David Silva
59%
85 Sergio Busquets
59%
88 Bastian Schweinsteiger
57%
86 Mesut Ozil
57%
86 James Rodriguez
53%
86 Yaya Toure
53%
86 Edison Cavani
52%
85 Diego Costa
50%
86 Vincent Kompany
49%
85 Mario Gotze
48%
85 Petr Cech
45%
85 Carlos Tevez
41%
85 Aturo Vidal
36%
85 Hugo Lloris
34%
85 Juan Mata
34%
85 Javi Martinez
25%
No matching quizzes found
Score Distribution
Percent of People with Each Score
Percentile by Number Answered
Your Score History
You have not taken this quiz